00493 a2200181 4500001000700000020001800007040003500025100002200060240002800082245002300110300001000133362000900143440001100152697001100163942000700174952011100181999001900292156829 a9788526012554 cEscola São Tomás de Aquino aCOLASANTI, Marina10aPoesia em 4 temposlpor10aPoesia em 4 tempos a43 p.0 a2008 1aGlobal aPoesia cBK 00104070a12.22b12.22d2024-04-30l0oB869.91 COL POEpEST00011272r2024-04-30 22:14:11w2024-04-30yBK c156829d156829